LIBRARY & INFORMATION CENTRE, KCAET, TAVANUR

ONLINE PUBLIC ACCESS CATALOGUE (OPAC)

Womba the baby elephant / (Record no. 2924)

MARC details
000 -LEADER
fixed length control field 00936cam a2200181ua 4500
041 ## - LANGUAGE CODE
Language code of text/sound track or separate title eng
082 ## - DEWEY DECIMAL CLASSIFICATION NUMBER
Classification number 823.301
Item number TAY/WO
100 ## - MAIN ENTRY--AUTHOR NAME
Personal name Taylor, Jenny .
245 ## - TITLE STATEMENT
Title Womba the baby elephant /
250 ## - EDITION STATEMENT
Edition statement 1 /
260 ## - PUBLICATION, DISTRIBUTION, ETC. (IMPRINT)
Place of publication :
Name of publisher Longmans ,
Year of publication 1962.
300 ## - PHYSICAL DESCRIPTION
Number of Pages 24 ; .
700 1# - ADDED ENTRY--PERSONAL NAME
Personal name Ingleby, terry .
942 ## - ADDED ENTRY ELEMENTS (KOHA)
Koha item type Books
Holdings
Withdrawn status Lost status Damaged status Home library Current library Date acquired Full call number Accession Number Koha item type
      KAUAET KAUAET 07/04/2012 823.301 12327 Books
free website counter